Challenges surrounding the education of children with chronic diseases / (Record no. 23627)
[ view plain ]
| 000 -LEADER | |
|---|---|
| fixed length control field | 01273cam a22002895a 4500 |
| 001 - CONTROL NUMBER | |
| control field | 18714716 |
| 005 - DATE AND TIME OF LATEST TRANSACTION | |
| control field | 20161219113234.0 |
| 008 - FIXED-LENGTH DATA ELEMENTS--GENERAL INFORMATION | |
| fixed length control field | 150724t2016 paua frb 001 0 eng d |
| 010 ## - LIBRARY OF CONGRESS CONTROL NUMBER | |
| LC control number | 2015028791 |
| 020 ## - INTERNATIONAL STANDARD BOOK NUMBER | |
| International Standard Book Number | 9781466694521 (hardcover) |
| 040 ## - CATALOGING SOURCE | |
| Original cataloging agency | DLC |
| Language of cataloging | eng |
| Transcribing agency | DLC |
| Modifying agency | DLC |
| -- | EG-ScBUE |
| 042 ## - AUTHENTICATION CODE | |
| Authentication code | pcc |
| 082 04 - DEWEY DECIMAL CLASSIFICATION NUMBER | |
| Classification number | 371.9 |
| Edition number | 22 |
| Item number | CHA |
| 245 00 - TITLE STATEMENT | |
| Title | Challenges surrounding the education of children with chronic diseases / |
| Statement of responsibility, etc | Maria Gordon, editor. |
| 260 ## - PUBLICATION, DISTRIBUTION, ETC. (IMPRINT) | |
| Place of publication, distribution, etc | Hershey : |
| Name of publisher, distributor, etc | Information Science Reference, |
| Date of publication, distribution, etc | c.2016. |
| 300 ## - PHYSICAL DESCRIPTION | |
| Extent | xxv, 402 p. : |
| Other physical details | ill. ; |
| Dimensions | 29 cm |
| 500 ## - GENERAL NOTE | |
| General note | Index : p. 400-402.<br/> |
| 504 ## - BIBLIOGRAPHY, ETC. NOTE | |
| Bibliography, etc | Includes bibliographical references. |
| 520 ## - SUMMARY, ETC. | |
| Summary, etc | "This book explores the needs that children with certain conditions--such as diabetes, cancer, juvenile idiopathic arthritis, and inflammatory bowel disease--might have in the classroom, featuring coverage on a wide range of topics relating to pre-service teacher training, school administrators' policies, and the experiences of children with chronic health conditions"-- |
| 590 ## - LOCAL NOTE (RLIN) | |
| Local note | SAMEH |
| 650 #7 - SUBJECT ADDED ENTRY--TOPICAL TERM | |
| Topical term or geographic name as entry element | Chronically ill children |
| General subdivision | Education. |
| Source of heading or term | BUEsh |
| 651 ## - SUBJECT ADDED ENTRY--GEOGRAPHIC NAME | |
| Source of heading or term | BUEsh |
| 653 ## - INDEX TERM--UNCONTROLLED | |
| Resource For college | Informatics and Computer Science |
| Arrived date list | December2016 |
| 655 ## - INDEX TERM--GENRE/FORM | |
| Form subdivision | Reading book |
| -- | 34232 |
| 700 1# - ADDED ENTRY--PERSONAL NAME | |
| Personal name | Gordon, Maria, |
| Dates associated with a name | 1974- |
| Relator term | editor. |
| 942 ## - ADDED ENTRY ELEMENTS (KOHA) | |
| Source of classification or shelving scheme | Dewey Decimal Classification |
| Withdrawn status | Item status | Source of classification or shelving scheme | Damaged status | Not for loan | Vendor | Home library | Current library | Shelving location | Date acquired | Source of acquisition | Cost, normal purchase price | Total Checkouts | Full call number | Barcode | Date last seen | Koha item type | Total Renewals | Date last borrowed |
|---|---|---|---|---|---|---|---|---|---|---|---|---|---|---|---|---|---|---|
| Dewey Decimal Classification | Baccah | Central Library | Central Library | First floor | 19/12/2016 | Purchase | 2950.00 | 371.9 CHA | 000045251 | 15/07/2025 | Book - Borrowing | |||||||
| Dewey Decimal Classification | Baccah | Central Library | Central Library | First floor | 19/12/2016 | Purchase | 2950.00 | 1 | 371.9 CHA | 000045252 | 15/07/2025 | Book - Borrowing | 1 | 13/03/2019 |